• 首页
  • 本馆介绍
  • 公告通知
  • 最新文献
  • 馆藏检索
  • 电子资源
  • 读者导购
  • 参考咨询
  • 我的图书馆
  • 登录
  • 详细信息显示
  • 放入我的书架
  • 预约/预借图书
  • 作者相关作品
  • 分类相关作品
  • 丛书相关作品
  • 出版社相关作品

书目信息

  • 表格格式
  • 工作单格式
  • 卡片格式
题名:
龚自珍评传
    
 
作者: 陈铭 著
分册:  
出版信息: 南京   南京大学出版社  2011.4
页数: 315页
开本: 23cm
丛书名: 中国思想家评传丛书
单 册:
中图分类: B251.5
科图分类:
主题词:
电子资源:
ISBN: 978-7-305-05927-8
000 00977oam2 2200265 45
001 515
005 20120531150036.71
010    @a978-7-305-05927-8@dCNY41.00
100    @a20120328d2011 em y0chiy50 ea
101 0  @achi@deng@eeng
102    @aCN@b320000
105    @ay z 001yb
106    @ar
200 1  @a龚自珍评传@AGong Zi Zhen Ping Chuan@f陈铭著@FChen Ming Zhu
210    @a南京@c南京大学出版社@d2011.4
215    @a315页@d23cm
225 2  @a中国思想家评传丛书@e典藏版
330    @a本书在深入研究的基础上,系统、全面地介绍和评述了龚自珍的哲学、政治、历史、经济、伦理和文学思想,评论了龚自珍的诗、词、散文创作,充分肯定了龚自珍在中国古代、近代思想史和文学史上所占有的地位,指出龚自珍的思想和创作对近代社会的重大影响。
461  0 @12001 @a中国思想家评传丛书
600  0 @a龚自珍@f(1792-1841)@x评传
600  0 @a龚自珍@f(1792-1841)
690    @aB251.5@v4
701  0 @a陈铭@AChen Ming@4著
801  0 @aCN@bTSTCL@c20120328
905    @b0814898-900@dB251.5@e49@f3
    
    龚自珍评传/陈铭著.-南京:南京大学出版社,2011.4
    315页;23cm.-(中国思想家评传丛书:典藏版)
    
    
    ISBN 978-7-305-05927-8:CNY41.00
    本书在深入研究的基础上,系统、全面地介绍和评述了龚自珍的哲学、政治、历史、经济、伦理和文学思想,评论了龚自珍的诗、词、散文创作,充分肯定了龚自珍在中国古代、近代思想史和文学史上所占有的地位,指出龚自珍的思想和创作对近代社会的重大影响。
●
相关链接 在E读中查询图书 在五车中查询图书 在当当中查询图书 在豆瓣中查询图书


正题名:龚自珍评传     索取号:B251.5/49         预约/预借

序号 登录号 条形码 馆藏地/架位号 状态 备注
1 0814898   208148985   第一样本阅览室/ [索取号:B251.5/49] 在馆    
2 0814899   208148994   第一借阅区/ [索取号:B251.5/49] 在馆    
3 0814900   208149001   第一借阅区/ [索取号:B251.5/49] 在馆    
唐山师范学院图书馆 欢迎您!
大连网信软件有限公司© 版权所有